• 首页
  • 本馆介绍
  • 公告通知
  • 最新文献
  • 馆藏检索
  • 电子资源
  • 读者导购
  • 参考咨询
  • 我的图书馆
  • 登录
  • 详细信息显示
  • 放入我的书架
  • 预约/预借图书
  • 作者相关作品
  • 分类相关作品
  • 丛书相关作品
  • 出版社相关作品

书目信息

  • 表格格式
  • 工作单格式
  • 卡片格式
题名:
小学教师之友
    
 
作者: 武奎英 主编
分册:   美术卷
出版信息: 北京   人民教育出版社  1990
页数: 446页
开本: 19cm
丛书名:
单 册:
中图分类: G623.1
科图分类:
主题词: 美术--小学--教学参考资料
电子资源:
ISBN: 7-107-10616-3
000 00575nam0 2200205 450
001 1561900880
005 20150127085617.79
010    @a7-107-10616-3@dCNY3.95
100    @a19980305d1990 em y0chiy0110 ea
101 0  @achi
102    @aCN@b110000
105    @ay z 000yy
200 1  @a小学教师之友@9xiao xue jiao shi zhi you@i美术卷@f武奎英主编
210    @a北京@c人民教育出版社@d1990
215    @a446页@d19cm
606 0  @a美术@x小学@x教学参考资料
690    @aG623.1@v4
701  0 @a武奎英@9wu kui ying@4主编
801  0 @aCN@bTSSF@c20150127
905    @aZUCC@dG623.1@eJY152
    
    小学教师之友.美术卷/武奎英主编.-北京:人民教育出版社,1990
    446页;19cm
    
    
    ISBN 7-107-10616-3:CNY3.95
    
●
相关链接 在E读中查询图书 在五车中查询图书 在当当中查询图书 在豆瓣中查询图书


正题名:小学教师之友     索取号:G623.1/JY152         预约/预借

序号 登录号 条形码 馆藏地/架位号 状态 备注
1 7841946   278419463   学院路分馆/ [索取号:G623.1/JY152] 在馆    
2 7841947   278419472   学院路分馆/ [索取号:G623.1/JY152] 在馆    
3 7841948   278419481   学院路分馆/ [索取号:G623.1/JY152] 在馆    
欢迎您!
大连网信软件有限公司© 版权所有